| 000 | 00622nam a2200217Ia 4500 | ||
|---|---|---|---|
| 003 | OSt | ||
| 005 | 20230616161139.0 | ||
| 008 | 210423s2020 xx 000 0 und d | ||
| 020 | _a978-93-89795-51-6 | ||
| 040 | _cAL | ||
| 041 | _aeng | ||
| 082 |
_a547.2 _bAHLI _223 |
||
| 100 |
_aAHLUWALIA (V K );BHAGAT (Pooja);AGGARWAL (Renu);CHANDRA (Ramesh) _998105 |
||
| 245 | _aIntermediates for organic synthesis | ||
| 260 |
_aNew Delhi _bDreamtech Press _c2020 |
||
| 300 |
_axxiii,351 _bHB |
||
| 365 |
_b495 _cINR |
||
| 650 |
_aOrganic Chemistry _998106 |
||
| 906 | _aIntermediates ; organic ; synthesis | ||
| 942 |
_2ddc _cBK |
||
| 999 |
_c171057 _d171057 |
||